书目信息 |
| 题名: |
中国社会科学学术论文文摘
|
|
| 作者: | 本书编辑部编 | |
| 分册: | 第一册 | |
| 出版信息: | 北京 社会科学文献出版社 1996 |
|
| 页数: | 470页 | |
| 开本: | 20cm | |
| 丛书名: | ||
| 单 册: | ||
| 中图分类: | C27 | |
| 科图分类: | 20.6 | |
| 主题词: | 学术会议-社会科学--中国--1991~1995--资料 , 社会科学-学术会议--中国--1991~1995--资料 | |
| 电子资源: | ||
| ISBN: | 7-80050-810-2 | |
| 000 | 00703nam0 2200217 45 | |
| 001 | 0198004902 | |
| 005 | 20070730152154.37 | |
| 010 | @a7-80050-810-2@dCNY36.00(共四册) | |
| 100 | @a19950414d1996 kemy0chiy0121 ea | |
| 101 | 0 | @achi |
| 102 | @aCN@b110000 | |
| 105 | @ay zg 000yy | |
| 200 | 10 | @a中国社会科学学术论文文摘@Azhong guo she hui ke xue xue shu lun wen wen zhai@h第一册@f本书编辑部编@Fben shu bian ji bu bian |
| 210 | @a北京@c社会科学文献出版社@d1996 | |
| 215 | @a470页@d20cm | |
| 606 | @a学术会议-社会科学@y中国@z1991~1995@x资料 | |
| 606 | @a社会科学-学术会议@y中国@z1991~1995@x资料 | |
| 690 | @aC27@v3 | |
| 692 | @a20.6@v2 | |
| 801 | 0 | @aCN@bTSSF@c20070730 |
| 905 | @a10447@dC27@e232:1 | |
| 中国社会科学学术论文文摘.第一册/本书编辑部编.-北京:社会科学文献出版社,1996 |
| 470页;20cm |
| ISBN 7-80050-810-2:CNY36.00(共四册) |
| ● |
| 相关链接 |
|
|
|
|
正题名:中国社会科学学术论文文摘
索取号:C27/232:1
 
预约/预借
| 序号 | 登录号 | 条形码 | 馆藏地/架位号 | 状态 | 备注 |
| 1 | 0786558 | 207865586 | 第一样本阅览室/ [索取号:C27/232:1] | 在馆 |